| 000 | 00345nam a2200145Ia 4500 | ||
|---|---|---|---|
| 005 | 20240807062341.0 | ||
| 008 | 240806s9999||||xx |||||||||||||| ||eng|| | ||
| 041 | _aeng | ||
| 100 | _aRamesh Tiwari | ||
| 245 | 0 |
_aAalochna ke teen aayam / _cRamesh Tiwari |
|
| 260 | _bSangam Prakashan Allahabad | ||
| 300 | _a0 | ||
| 650 | _aHindi | ||
| 942 | _cBK | ||
| 999 |
_c16330 _d16330 |
||